000 00818nam a2200277Ia 4500
003 OSt
005 20220927113458.0
006 a|||||r|||| 00| 0
007 ta
008 220926b |||||||| |||| 00| 0 eng d
020 _a0256167044
024 _a4427
037 _cTextbook
040 _aRTL
_cRTL
_beng
041 _2eng
_aeng
082 _a"X:8C, L4;N8/TD3"
100 _aWild John J
_9386039
245 0 _aFinancial statement analysis
_b" Theory, application and interpretation"
260 _aBoston
_bIrwin McGraw-Hill
_c1998
300 _a"xxxi, 662p"
_ccm.
650 _a Economics
650 _aFinance and Accounts
_9354349
700 _a Bernstein Leopold A
_9386040
942 _h"X:8C, L4;N8/TD3"
_cCC
999 _c702156
_d702156